| 000 | 03781cam a2200589 a 4500 | ||
|---|---|---|---|
| 001 | ocn775416288 | ||
| 003 | TZ-ArACH | ||
| 005 | 20210625123139.0 | ||
| 007 | tu |||||||||||||||||||| | ||
| 008 | 130226s2012 enk b 001 0 eng d | ||
| 010 | _a 2012540360 | ||
| 015 |
_a13,A21 _a13,H06 _2dnb |
||
| 016 | 7 |
_2DE-101 _a1032528176 |
|
| 016 | 7 |
_a016112096 _2Uk |
|
| 020 |
_a9781849463171 _q(cloth) |
||
| 020 |
_a1849463174 _q(cloth) |
||
| 029 | 1 |
_aAU@ _b000050225098 |
|
| 035 |
_a(OCoLC)775416288 _z(OCoLC)1015566199 |
||
| 040 |
_aBTCTA _beng _cTZ-ArACH |
||
| 042 | _alccopycat | ||
| 049 | _aTZAA | ||
| 050 | 0 | 0 |
_aKZ7408 _b.G88 2012 |
| 100 | 1 |
_aGut, Till, _d1977- |
|
| 245 | 1 | 0 |
_aCounsel misconduct before the International Criminal Court : _bprofessional responsibility in international criminal defence / _cTill Gut. |
| 260 |
_aOxford, United Kingdom ; _aPortland, Oregon : _bHart Publishing, _c2012. |
||
| 300 |
_axvii, 354 pages ; _c24 cm. |
||
| 490 | 1 |
_aStudies in international and comparative criminal law ; _vv. 11 |
|
| 504 | _aIncludes bibliographical references (pages 319-339) and index. | ||
| 505 | 0 | _aThe UN international criminal tribunals: ICTY, ICTR, and SCSL -- The national models : Germany and the United States -- The International Criminal Court's system -- The relationships between the different regimes -- Conclusions on international counsel and misconduct. | |
| 520 | _a"This is the first comprehensive study of the law governing professional misconduct by defence lawyers before the International Criminal Court. The ICC's regulatory regime was introduced in response to instances of misconduct experienced by other international and domestic criminal courts. The book first turns to how the ICC's forerunners - the International Criminal Tribunals for the former Yugoslavia and Rwanda and the Special Court for Sierra Leone - coped with misconduct, often resulting in controversy. The book also looks at the approaches that have evolved in Germany and the United States, reflecting the different role of defence lawyers in the civil and common law criminal justice traditions. The book offers a unique insight into the professional responsibilities of defence lawyers within the various international and national regimes. Offering practical guidance on disciplinary systems and other sanctioning mechanisms, it also explores the inherent tension at the heart of the defence lawyer's role: to ensure the human right to a fair trial we want them to be zealous advocates for their clients; at the same time we ask them to commit themselves as officers of the court"--Page [i]. | ||
| 610 | 2 | 0 |
_aInternational Criminal Court _xRules and practice. |
| 610 | 2 | 7 |
_aInternational Criminal Court. _2fast |
| 650 | 0 |
_aInternational criminal courts _xRules and practice. |
|
| 650 | 0 | _aDefense (International criminal procedure) | |
| 650 | 0 | _aLegal ethics. | |
| 650 | 0 | _aCriminal defense lawyers. | |
| 650 | 7 |
_aCriminal defense lawyers. _2fast |
|
| 650 | 7 |
_aDefense (International criminal procedure) _2fast |
|
| 650 | 7 |
_aInternational criminal courts _xRules and practice. _2fast |
|
| 650 | 7 |
_aLegal ethics. _2fast |
|
| 650 | 7 |
_aParliamentary practice. _2fast |
|
| 653 | _a(lcsh)International Criminal Court--Rules and practice. | ||
| 653 | _a(lcsh)International criminal courts--Rules and practice. | ||
| 653 | _a(lcsh)Defense (International criminal procedure) | ||
| 653 | _a(lcsh)Legal ethics. | ||
| 653 | _a(lcsh)Criminal defense lawyers. | ||
| 655 | 7 |
_aRules. _2fast |
|
| 830 | 0 |
_aStudies in international and comparative criminal law ; _vv. 11. |
|
| 856 | 4 | 1 |
_3Table of contents _uhttp://d-nb.info/1032528176/04 |
| 856 | 4 | 2 |
_mB:DE-101 _qapplication/pdf _uhttps://d-nb.info/1032528176/04 _3Inhaltsverzeichnis |
| 942 |
_2lcc _cBOOK |
||
| 999 |
_c6189 _d6189 |
||